LEADER 01912nam a2200313 i 4500 001 000000128844 003 CaOOAMICUS 005 20190129141205.0 008 050630s2004 it u000 u ita u 013 $a101573 020 $a88-88627-09-X 040 $aSeMil$bita 100 1 $aIstituto di Bibliografia Musicale.$0(OLS)http://semarc/name/19908 245 10$aClavis Archivorum ac Bibliothecarum Italicarum ad Musicam artem pertinentium :$b(CABIMUS) = Guida alle Biblioteche e agli Archivi musicali d'Italia : con la relativa bibliografia musicologica /$ca cura di Giancarlo Rostirolla ; con la collaborazione di Luciano Luciani. 246 01$aGuida alle Biblioteche e agli Archivi musicali d'Italia : con la relativa bibliografia musicologica 260 $aRoma :$bIBIMUS,$c2004. 300 $aCXIII, 1139 p. :$bill. ;$c31 cm. 490 0 $aStudi, cataloghi e sussidi / Istituto di bibliografia musicale (IBIMUS) ;$v10 700 1 $aLuciani, Luciano.$0(OLS)http://semarc/name/6544 700 1 $aRostirolla, Giancarlo.$0(OLS)http://semarc/name/6545 830 0$aStudi, cataloghi e sussidi / Istituto di bibliografia musicale (IBIMUS) ;$v10.$0(OLS)http://semarc/title/18368 850 $aSeMil 852 $aSeMil$W1$xVenegono$y1$mSL1.C VII 7$j83029$B83029$CSeMilBibl$Z2$F99823 $8I 961 $aAcquisto: Istituto di Bibliografia Musicale 996 $6020$a88-88627-09-X$9(OLS)http://semarc/number/115493 996 $6245$aClavis Archivorum ac Bibliothecarum Italicarum ad Musicam artem pertinentium :$b(CABIMUS) = Guida alle Biblioteche e agli Archivi musicali d'Italia : con la relativa bibliografia musicologica$9(OLS)http://semarc/title/190388 996 $6246$aGuida alle Biblioteche e agli Archivi musicali d'Italia : con la relativa bibliografia musicologica$9(OLS)http://semarc/title/190389 996 $6260$aRoma :$bIBIMUS$9(OLS)http://semarc/publisher/33739 LEADER 00826nam a2200229 i 4500 001 000000209376 003 CaOOAMICUS 005 20160809000000.0 008 160809s2010 it u000 u ita u 013 $a188165 020 $a978-88-8477-214-5 040 $aSeMil$bita 100 1 $aFerrara, Antonio,$d<1957- >.$0(OLS)http://semarc/name/75037 245 10$aStasera niente tv! /$cAntonio Ferrara. 260 $aSaronno :$bMonti,$c2010. 300 $a29 p. :$bill. ;$c20x20 cm. 850 $aSeMil 852 $aSeMil$W1$xVenegono$y1$m1A IV 109$j159827$B159827$CSeMilBibl$Z2$F213861 $81 961 $aOmaggio: Altro 996 $6020$a978-88-8477-214-5$9(OLS)http://semarc/number/204065 996 $6245$aStasera niente tv!$9(OLS)http://semarc/title/302671 996 $6260$aSaronno :$bMonti$9(OLS)http://semarc/publisher/31680